000 00512 a2200181 4500
003 OSt
005 20260306123242.0
008 260306b |||||||| |||| 00| 0 eng d
020 _a9788126427994
040 _coclc
082 _a894.8123
_bMUK/H
100 _aMukundan, M
_96509
245 _aHARIDWARIL MANIKAL MUZHANGUNNU /
_cM Mukundan
250 _a20th Ed.
260 _aKottayam:
_bD C Books.
_c2025,
300 _a103 pages
942 _2ddc
_cBK
_h894.8123
_iMUK/H
_k894.8123
_mMUK/H
999 _c44637
_d44637